[Event "Asia-ch U18"]
[Site "Tagaytay City"]
[Date "2024.10.14"]
[Round "3"]
[White "Justo, James Marcus"]
[Black "Dolorosa, Andrei Ainsley"]
[Result "0-1"]
[WhiteElo "1852"]
[BlackElo "2076"]
[PlyCount "84"]
[EventDate "2024.10.13"]
[EventType "swiss"]
[EventRounds "9"]
[EventCountry "PHI"]
[SourceTitle "CB43_2024"]
[Source "Chessbase"]
[SourceDate "2024.10.23"]
[SourceVersion "1"]
[SourceVersionDate "2024.10.23"]
[SourceQuality "1"]

1. d4 g6 2. Bf4 Bg7 3. e3 d6 4. Nf3 Nf6 5. h3 0-0 6. Be2 Nc6 7. c3 Ne4 8. Nbd2 Nxd2 9. Qxd2 e5 10. dxe5 dxe5 11. Bg3 Qe7 12. Qc2 Be6 13. 0-0 Rad8 14. Rad1 Rd6 15. Rxd6 cxd6 16. Rd1 h6 17. Qa4 a6 18. Bc4 Rd8 19. Bd5 Bxd5 20. Rxd5 f5 21. Qb3 Kh7 22. Qc2 Qe6 23. e4 f4 24. Bh2 g5 25. Qb3 Rd7 26. Nd2 h5 27. Qd1 g4 28. Nc4 Bf8 29. hxg4 hxg4 30. a4 Kh8 31. Kf1 Rh7 32. Bg1 Ne7 33. Nb6 Nxd5 34. Nxd5 Rh1 35. f3 Qc8 36. Qe2 Qc5 37. Qf2 Qc4+ 38. Ke1 g3 39. Qf1 Qa2 40. Nxf4 Qb1+ 41. Ke2 Qxf1+ 42. Kxf1 exf4 0-1

[Event "Asia-ch U18"]
[Site "Tagaytay City"]
[Date "2024.10.13"]
[Round "1"]
[White "Justo, James Marcus"]
[Black "Dau, Khuong Duy"]
[Result "0-1"]
[WhiteElo "1852"]
[BlackElo "2422"]
[PlyCount "96"]
[EventDate "2024.10.13"]
[EventType "swiss"]
[EventRounds "9"]
[EventCountry "PHI"]
[SourceTitle "CB43_2024"]
[Source "Chessbase"]
[SourceDate "2024.10.23"]
[SourceVersion "1"]
[SourceVersionDate "2024.10.23"]
[SourceQuality "1"]

1. d4 Nf6 2. Bf4 g6 3. e3 Bg7 4. Nf3 d6 5. h3 0-0 6. Be2 b6 7. Nbd2 Bb7 8. 0-0 Nbd7 9. c3 Ne4 10. Bh2 Qc8 11. Nxe4 Bxe4 12. Bd3 Qb7 13. Bxe4 Qxe4 14. Re1 c5 15. Qa4 Nf6 16. Rad1 Rfc8 17. Nd2 Qc6 18. Qb3 cxd4 19. exd4 e6 20. Nf3 Nd5 21. Ng5 b5 22. Ne4 Rd8 23. Rd3 a5 24. Qd1 b4 25. Qf3 bxc3 26. Rxc3 Qa6 27. Rd3 Rac8 28. Rd2 Qb6 29. Bg3 Rd7 30. Ng5 Qb4 31. Qe2 Qc4 32. Qg4 Nf6 33. Qf3 Qxa2 34. Rde2 Qd5 35. Ne4 Nxe4 36. Rxe4 Rc4 37. Qb3 Rb7 38. Qa3 Rxd4 39. Rxd4 Bxd4 40. Qa4 Kg7 41. Kh2 Rxb2 42. Qd7 Bxf2 43. Bxf2 Rxf2 44. Rg1 Qd4 45. Qb5 a4 46. Qa6 e5 47. Qb5 a3 48. Qa6 a2 0-1